British Sports Stars By Surname - The Letter T (Photo Quiz) - Statistics

General Stats
  • This quiz has been taken 34 times
  • The average score is 10 of 18
Answer Stats
Picture Hint Answer % Correct
Born 1957 (Ice Skating) Jayne Torvill
84%
Born 1980 (Football) John Terry
84%
Born 1958 (Athletics) Daley Thompson
75%
Born 1960 (Darts) Phil Taylor
75%
Born 1966 (Cricket) Phil Tufnell
72%
Born 1949 (Snooker) Dennis Taylor
69%
Born 1989 (Snooker) Judd Trump
69%
Born 1985 (Gymnastics) Beth Tweddle
66%
Born 1974 (Athletics) Iwan Thomas
63%
Born 1999 (Football) Ella Toone
59%
Born 1953 (Golf) Sam Torrance
59%
1931-2006 (Cricket) Fred Trueman
53%
Born 1986 (Cycling) Geraint Thomas
53%
Born 1974 (Rugby: League & Union) Gareth Thomas
50%
Born 1941 (Tennis) Roger Taylor
41%
Born 1949 (Football) John Toshack
38%
1928-1966 (Boxing) Randolph Turpin
16%
Born 1946 (Golf) Peter Townsend
9%
No matching quizzes found
Score Distribution
Percent of People with Each Score
Percentile by Number Answered
Your Score History
You have not taken this quiz